Sincronía, diacronía y enseñanza de idiomas

Elmentve itt :
Bibliográfiai részletek
Szerző: Berta Tibor
Dokumentumtípus: Cikk
Megjelent: Universidad "József Attila", Departamento de Estudios Hispánicos Szeged 1998
Sorozat:Acta hispanica 3
Kulcsszavak:Nyelvészet - spanyol, Spanyol nyelv tanítása, Nyelvtudomány
Tárgyszavak:
Online Access:http://acta.bibl.u-szeged.hu/537
LEADER 00793nab a2200217 i 4500
001 acta537
005 20220621120900.0
008 161015s1998 hu o 0|| hun d
022 |a 1416-7263 
040 |a SZTE Egyetemi Kiadványok Repozitórium  |b hun 
041 |a hun 
041 |a spa 
100 1 |a Berta Tibor 
245 1 0 |a Sincronía, diacronía y enseñanza de idiomas  |h [elektronikus dokumentum] /  |c  Berta Tibor 
260 |a Universidad "József Attila", Departamento de Estudios Hispánicos  |b Szeged  |c 1998 
300 |a 73-81 
490 0 |a Acta hispanica  |v 3 
650 4 |a Bölcsészettudományok 
650 4 |a Nyelvek és irodalom 
695 |a Nyelvészet - spanyol, Spanyol nyelv tanítása, Nyelvtudomány 
856 4 0 |u http://acta.bibl.u-szeged.hu/537/1/hisp_003_073-081.pdf  |z Dokumentum-elérés